The galactic supermassive black hole / (Record no. 30294)

000 -LEADER
fixed length control field 00626 a2200169 4500
020 ## - INTERNATIONAL STANDARD BOOK NUMBER
International Standard Book Number 0691131295
020 ## - INTERNATIONAL STANDARD BOOK NUMBER
International Standard Book Number 9780691131290
082 ## - DEWEY DECIMAL CLASSIFICATION NUMBER
Classification number 523.8875
090 ## - LOCALLY ASSIGNED LC-TYPE CALL NUMBER (OCLC); LOCAL CALL NUMBER (RLIN)
-- 1686
-- 1686
100 1# - MAIN ENTRY--PERSONAL NAME
Personal name Melia, Fulvio.
245 14 - TITLE STATEMENT
Title The galactic supermassive black hole /
Statement of responsibility, etc. Fulvio Melia.
260 ## - PUBLICATION, DISTRIBUTION, ETC.
Place of publication, distribution, etc. [S.l.] :
Name of publisher, distributor, etc. Princeton University Press,
Date of publication, distribution, etc. 2007.
300 ## - PHYSICAL DESCRIPTION
Extent 320 p. ;
Dimensions 24 cm.
856 40 - ELECTRONIC LOCATION AND ACCESS
Materials specified Amazon.com
Uniform Resource Identifier <a href="http://www.amazon.com/exec/obidos/ASIN/0691131295/chopaconline-20">http://www.amazon.com/exec/obidos/ASIN/0691131295/chopaconline-20</a>
942 ## - ADDED ENTRY ELEMENTS (KOHA)
Institution code [OBSOLETE] SNS
Koha item type Book
Call number prefix 523.8875 MEL
Holdings
Withdrawn status Lost status Damaged status Not for loan Permanent Location Current Location Date acquired Total Checkouts Full call number Barcode Date last seen Price effective from Koha item type
        School of Natural Sciences (SNS) School of Natural Sciences (SNS) 05/26/2016   523.8875 MEL SNS0001891 11/10/2022 05/26/2016 Book
© 2023 Central Library, National University of Sciences and Technology. All Rights Reserved.